Begins and Ends: TV Cartoons Quiz Stats

 Plays Quiz Updated Nov 20, 2017

Challenge
Share
Tweet
Embed
Score 0/20 Timer 04:00
3 Plays Today
Begins and Ends Cartoon % Correct
T _ M    A _ D    J _ _ _ YTom and Jerry
93.7%
F _ _ _ _ Y    G _ YFamily Guy
93.4%
H _ Y    A _ _ _ _ D!Hey Arnold!
89.6%
K _ M    P _ _ _ _ _ _ EKim Possible
87.9%
S _ _ _ H    P _ _ KSouth Park
79.6%
P _ _ _ Y    A _ D    T _ E    B _ _ _ NPinky and the Brain
78.6%
R _ _ K    A _ D    M _ _ _ YRick and Morty
70%
L _ _ _ _ Y    T _ _ _ SLooney Tunes
59.8%
B _ _ _ _ S    A _ D    B _ _ _ - _ _ _ DBeavis and Butt-Head
54.3%
P _ _ _ _ _ _ _ F    G _ _ _ SPowerpuff Girls
47.8%
Begins and Ends Cartoon % Correct
T _ E    F _ _ _ _ Y    O _ _ _ _ _ _ _ _ SThe Fairly OddParents
46.7%
J _ _ _ _ Y    B _ _ _ OJohnny Bravo
44.7%
A _ _ _ _ _ _ _ E    T _ _ EAdventure Time
42.9%
F _ _ _ _ _ _ AFuturama
41.9%
I _ _ _ _ _ _ _ R    G _ _ _ _ TInspector Gadget
32.2%
S _ _ _ D    R _ _ _ RSpeed Racer
29.7%
C _ _ E    B _ _ _ SCare Bears
28.9%
D _ _ _ Y    P _ _ _ _ _ MDanny Phantom
21.1%
P _ _ _ _ _ NPokémon
18.9%
C _ _ _ _ GCatDog
13.1%

You're not logged in!

Compare scores with friends on all Sporcle quizzes.
Join for Free
OR
Log In

You Might Also Like...

Show Comments

Extras

Top Quizzes Today


Score Distribution

Your Account Isn't Verified!

In order to create a playlist on Sporcle, you need to verify the email address you used during registration. Go to your Sporcle Settings to finish the process.

Report this User

Report this user for behavior that violates our Community Guidelines.

Details: